000 00480nam a2200181Ia 4500
005 20260415160326.0
008 008 250505s9999 xx 000 0 eng d
037 _aTextual
040 _aFEDL
_beng
_cFEDL
041 _aeng
_2eng
084 _a907 GHA
_qFEDL
100 _aGhate
245 0 _aSuggestions for the teaching of history in India
300 _a247p.
546 _aWeeded out
942 _cTEXL
_h907 GHA
999 _c1321681
_d1321681